000 01025nam a22003017ia4500
005 20210107123901.0
008 210106s2020 my a|||j |||| 00| 1 ara d
020 _a9789670694665
_cset
020 _a9789670694719
_cRM22.20
_qpaperback
040 _aPPAK
_beng
_cPPAK
_erda
082 0 4 _223
_a892.737
090 0 0 _a892.737
_bATI
_dK
100 0 _aAtikah Mohamad Fadzil,
_eauthor.
245 1 0 _6880-01
_aAlfawayid 'akl altyn =
_bKelebihan Makan Buah Tin /
_cAtikah Mohamad Fadzil
246 3 1 _aKelebihan makan buah tin
264 1 _aCheras, Kuala Lumpur :
_bPENERBITAN ALAM ILMU,
_c2020
300 _a32 pages :
_bcolour illustrations ;
_c26 cm
336 _2rdacontent
_atext
337 _2rdamedia
_aunmediated
338 _2rdacarrier
_avolume
490 1 _aSiri Pengukuhan Bahasa Arab
546 _aText in Arabic
650 1 0 _aArabic fiction
650 2 0 _aChildren's stories, Arabic
830 0 _aSiri pengukuhan Bahasa Arab
880 1 0 _6245-01 /
_aالفوائد أكل التين
942 _2ddc
_cB
999 _c180894
_d180894